000 00402 a2200169 4500
001 72930
020 _a8528100413
040 _cAnchieta - Colégio São Paulo
100 _aMachado, Ana Maria
240 1 0 _aBento que Bento é o frade
_lpor
245 1 0 _aBento que Bento é o frade
300 _a48
362 0 _a1990
440 1 _aSalamandra
650 4 _aLiteratura infanto-juvenil
942 _cBK
999 _c72930
_d72930